|
|
|
|
| LEADER |
01594nam a2200493 a 4500 |
| 001 |
nkc20142609841 |
| 003 |
CZ PrNK |
| 005 |
20150507065906.0 |
| 007 |
ta |
| 008 |
141201s2014 xr a f 000 0 eng |
| 015 |
|
|
|a cnb002609841
|
| 020 |
|
|
|a 978-80-7478-564-1
|q (brož.)
|
| 035 |
|
|
|a (OCoLC)907518557
|
| 040 |
|
|
|a ABA001
|b cze
|d BOA001
|
| 041 |
1 |
|
|a eng
|h slo
|
| 072 |
|
7 |
|a 159.95
|x Vyšší duševní procesy
|2 Konspekt
|9 17
|
| 080 |
|
|
|a 159.954
|2 MRF
|
| 080 |
|
|
|a 159.954/.955
|2 MRF
|
| 080 |
|
|
|a 159.95:165.194
|2 MRF
|
| 080 |
|
|
|a 159.922
|2 MRF
|
| 080 |
|
|
|a (048.8)
|2 MRF
|
| 100 |
1 |
|
|a Szobiová, Eva
|7 mzk2007423869
|4 aut
|
| 245 |
1 |
0 |
|a Creativity - unravelling the mystery /
|c Eva Szobiová
|
| 250 |
|
|
|a 1st ed.
|
| 260 |
|
|
|a Prague :
|b Wolters Kluwer,
|c 2014
|
| 300 |
|
|
|a 292 s. :
|b il. ;
|c 21 cm
|
| 500 |
|
|
|a Přeloženo ze slovenštiny?
|
| 500 |
|
|
|a 200 výt.
|
| 504 |
|
|
|a Obsahuje bibliografii
|
| 650 |
0 |
7 |
|a kreativita
|7 ph121937
|2 czenas
|
| 650 |
0 |
7 |
|a tvůrčí myšlení
|7 ph116508
|2 czenas
|
| 650 |
0 |
7 |
|a kognitivní psychologie
|7 ph121696
|2 czenas
|
| 650 |
0 |
7 |
|a vývojová psychologie
|7 ph116715
|2 czenas
|
| 650 |
0 |
9 |
|a creative ability
|2 eczenas
|
| 650 |
0 |
9 |
|a creative thinking
|2 eczenas
|
| 650 |
0 |
9 |
|a cognitive psychology
|2 eczenas
|
| 650 |
0 |
9 |
|a developmental psychology
|2 eczenas
|
| 655 |
|
7 |
|a monografie
|7 fd132842
|2 czenas
|
| 655 |
|
9 |
|a monographs
|2 eczenas
|
| 910 |
2 |
|
|a BOA001
|b 2-1341.967
|
| 990 |
|
|
|a BK
|
| 995 |
|
|
|a 01
|
| 991 |
|
|
|b 201505
|c NOV
|e n
|
| 996 |
6 |
|
|b 2610623924
|c 2-1341.967
|l MZK
|r Sklad / do 1 hodiny
|n 4
|p p.v.
|w 001492536
|u 000010
|a 1
|e BOA001
|j MZK50
|s P
|